| 000 | 00587nam a2200205Ia 4500 | ||
|---|---|---|---|
| 003 | OSt | ||
| 005 | 20260203154513.0 | ||
| 008 | 210210b1949 xxu||||| |||| 00| 0 eng d | ||
| 040 | _cAL | ||
| 041 | _aKannada | ||
| 082 | _a852/537 | ||
| 100 |
_aVENKATARAMAPPA (K) _dವೆಂಕಟರಾಮಪ್ಪ (ಕೆ) _9253663 |
||
| 245 |
_aRajasuya _bರಾಜಸೂಯ |
||
| 260 |
_aBengaLuru _b- _c1949 |
||
| 650 |
_aRAjasUya _9253664 |
||
| 690 |
_aKannada Prose _9253665 |
||
| 700 |
_aPRAHLADA RAV _dಪ್ರಹ್ಲಾದ ರಾವ್ . _9253666 |
||
| 906 | _a019103 | ||
| 942 |
_2ddc _cBK |
||
| 999 |
_c143213 _d143213 |
||